[Event "Superfinal (women)"]
[Site "Moscow"]
[Date "2020.12.12"]
[Round "7.2"]
[White "Pogonina, Natalija"]
[Black "Getman, Tatyana"]
[Result "1-0"]
[BlackElo "2302"]
[WhiteElo "2474"]
[LiveChessVersion "1.4.8"]

1. c4 {[%clk 1:30:57]} e6 {[%clk 1:30:42]} 2. Nf3 {[%clk 1:30:40]} d5
{[%clk 1:30:11]} 3. e3 {[%clk 1:30:48]} Nf6 {[%clk 1:30:06]} 4. Nc3
{[%clk 1:31:03]} a6 {[%clk 1:27:09]} 5. b3 {[%clk 1:29:42]} c5 {[%clk 1:25:00]}
6. cxd5 {[%clk 1:22:49]} Nxd5 {[%clk 1:20:59]} 7. Bb2 {[%clk 1:18:42]} Nc6
{[%clk 1:20:19]} 8. Be2 {[%clk 1:14:59]} Be7 {[%clk 1:17:20]} 9. Nxd5
{[%clk 0:55:37]} Qxd5 {[%clk 1:16:45]} 10. O-O {[%clk 0:54:01]} O-O
{[%clk 1:16:49]} 11. d4 {[%clk 0:53:18]} Rd8 {[%clk 1:10:03]} 12. Rc1
{[%clk 0:48:50]} Bf6 {[%clk 1:01:21]} 13. Qc2 {[%clk 0:45:42]} cxd4
{[%clk 0:59:41]} 14. Nxd4 {[%clk 0:43:51]} Nxd4 {[%clk 0:58:53]} 15. Bxd4
{[%clk 0:42:11]} Bxd4 {[%clk 0:58:38]} 16. Bf3 {[%clk 0:35:00]} Qb5
{[%clk 0:52:34]} 17. exd4 {[%clk 0:32:14]} Bd7 {[%clk 0:51:54]} 18. Qc7
{[%clk 0:20:05]} Bc6 {[%clk 0:50:49]} 19. Rc5 {[%clk 0:13:51]} Qb4
{[%clk 0:48:20]} 20. Bxc6 {[%clk 0:14:09]} bxc6 {[%clk 0:48:44]} 21. Rc4
{[%clk 0:14:10]} Qd6 {[%clk 0:45:50]} 22. Qa5 {[%clk 0:13:32]} g6
{[%clk 0:44:11]} 23. h3 {[%clk 0:13:54]} Qd5 {[%clk 0:42:19]} 24. Qc3
{[%clk 0:14:03]} Qe4 {[%clk 0:41:24]} 25. Re1 {[%clk 0:13:09]} Qd5
{[%clk 0:38:15]} 26. Re5 {[%clk 0:13:25]} Qd6 {[%clk 0:33:55]} 27. Rec5
{[%clk 0:13:41]} Qf4 {[%clk 0:31:06]} 28. Qe3 {[%clk 0:11:45]} Qf6
{[%clk 0:28:46]} 29. Rxc6 {[%clk 0:12:03]} Rd5 {[%clk 0:27:51]} 30. Ra4
{[%clk 0:05:46]} a5 {[%clk 0:27:00]} 31. Rc5 {[%clk 0:05:45]} Qd8
{[%clk 0:21:48]} 32. Rxd5 {[%clk 0:06:04]} exd5 {[%clk 0:17:11]} 33. Qd2
{[%clk 0:05:47]} Kg7 {[%clk 0:17:01]} 34. g3 {[%clk 0:05:48]} h6 {[%clk 0:15:44]}
35. h4 {[%clk 0:04:42]} h5 {[%clk 0:14:09]} 36. Kg2 {[%clk 0:04:10]} Kh7
{[%clk 0:10:55]} 37. Qe1 {[%clk 0:02:21]} Qb6 {[%clk 0:07:41]} 38. Qc3
{[%clk 0:01:47]} Qd8 {[%clk 0:07:49]} 39. Qd2 {[%clk 0:01:34]} Kg7
{[%clk 0:08:10]} 40. Qg5 {[%clk 0:30:59]} Qd7 {[%clk 0:37:18]} 41. Qf4
{[%clk 0:18:36]} Qc6 {[%clk 0:31:03]} 42. Qf3 {[%clk 0:14:53]} Qd7
{[%clk 0:30:04]} 43. Qd3 {[%clk 0:14:09]} Qe8 {[%clk 0:28:37]} 44. Qc3
{[%clk 0:11:31]} Qd8 {[%clk 0:28:16]} 45. Qc5 {[%clk 0:09:00]} Kh7
{[%clk 0:27:19]} 46. a3 {[%clk 0:08:00]} Rb8 {[%clk 0:23:53]} 47. Rxa5
{[%clk 0:06:31]} Rxb3 {[%clk 0:24:09]} 48. Ra7 {[%clk 0:05:59]} Kg7
{[%clk 0:23:31]} 49. a4 {[%clk 0:05:01]} Rd3 {[%clk 0:21:44]} 50. Re7
{[%clk 0:02:38]} Rd2 {[%clk 0:15:29]} 51. Qa7 {[%clk 0:02:32]} Qf8
{[%clk 0:15:54]} 52. Qc7 {[%clk 0:01:28]} Rxd4 {[%clk 0:14:04]} 53. Qe5+
{[%clk 0:01:43]} Kh7 {[%clk 0:14:28]} 54. Rxf7+ {[%clk 0:01:01]} Qxf7
{[%clk 0:14:55]} 55. Qxd4 {[%clk 0:01:26]} Qd7 {[%clk 0:12:14]} 56. a5
{[%clk 0:01:45]} Qe6 {[%clk 0:12:30]} 57. Qe3 {[%clk 0:01:56]} Qf6
{[%clk 0:11:44]} 58. Qa7+ {[%clk 0:02:05]} Kh6 {[%clk 0:12:06]} 59. Qb6
{[%clk 0:02:20]} Qf5 {[%clk 0:12:04]} 60. Qe3+ {[%clk 0:02:36]} Kh7
{[%clk 0:12:27]} 61. Qe7+ {[%clk 0:02:28]} Kh8 {[%clk 0:11:27]} 62. a6
{[%clk 0:02:50]} Qc8 {[%clk 0:11:00]} 63. Qb7 {[%clk 0:02:56]} Qe6
{[%clk 0:11:22]} 64. a7 {[%clk 0:03:15]} 1-0

[Event "Superfinal (women)"]
[Site "Moscow"]
[Date "2020.12.12"]
[Round "7.3"]
[White "Garifullina, Leya"]
[Black "Shuvalova, Polina"]
[Result "1/2-1/2"]
[BlackElo "2456"]
[WhiteElo "2348"]
[LiveChessVersion "1.4.8"]

1. e4 {[%clk 1:30:55]} e5 {[%clk 1:30:54]} 2. Nf3 {[%clk 1:31:19]} Nc6
{[%clk 1:31:22]} 3. Bb5 {[%clk 1:31:43]} a6 {[%clk 1:31:43]} 4. Ba4
{[%clk 1:32:08]} Nf6 {[%clk 1:32:09]} 5. O-O {[%clk 1:32:31]} Be7
{[%clk 1:32:33]} 6. Re1 {[%clk 1:32:56]} b5 {[%clk 1:32:56]} 7. Bb3
{[%clk 1:33:22]} d6 {[%clk 1:33:21]} 8. c3 {[%clk 1:33:42]} O-O {[%clk 1:33:45]}
9. h3 {[%clk 1:34:08]} Bb7 {[%clk 1:34:09]} 10. d4 {[%clk 1:33:29]} Re8
{[%clk 1:34:35]} 11. Nbd2 {[%clk 1:32:40]} Bf8 {[%clk 1:34:56]} 12. Bc2
{[%clk 1:24:42]} g6 {[%clk 1:35:02]} 13. d5 {[%clk 1:24:18]} Nb8 {[%clk 1:35:12]}
14. b3 {[%clk 1:22:16]} c6 {[%clk 1:35:36]} 15. c4 {[%clk 1:22:42]} Nbd7
{[%clk 1:35:53]} 16. Nf1 {[%clk 1:22:09]} Qc7 {[%clk 1:35:46]} 17. Bg5
{[%clk 1:21:19]} Rec8 {[%clk 1:34:20]} 18. Bd3 {[%clk 1:19:48]} bxc4
{[%clk 1:33:03]} 19. bxc4 {[%clk 1:19:29]} a5 {[%clk 1:33:29]} 20. Qd2
{[%clk 1:17:24]} Ba6 {[%clk 1:30:38]} 21. Rec1 {[%clk 1:16:00]} Qd8
{[%clk 1:26:53]} 22. Be3 {[%clk 1:13:30]} Rab8 {[%clk 1:18:07]} 23. Ng3
{[%clk 1:13:18]} Be7 {[%clk 1:16:03]} 24. Ne1 {[%clk 1:09:55]} Nc5
{[%clk 1:13:04]} 25. Bxc5 {[%clk 1:06:10]} dxc5 {[%clk 1:13:14]} 26. dxc6
{[%clk 1:05:32]} Rxc6 {[%clk 1:10:35]} 27. Qc3 {[%clk 1:04:11]} Rd6
{[%clk 1:06:17]} 28. Rab1 {[%clk 1:03:11]} Nd7 {[%clk 0:58:36]} 29. Nc2
{[%clk 0:58:53]} Bg5 {[%clk 0:54:18]} 30. Rd1 {[%clk 0:55:50]} Nf8
{[%clk 0:47:30]} 31. Rxb8 {[%clk 0:54:07]} Qxb8 {[%clk 0:47:36]} 32. Nf1
{[%clk 0:48:42]} Ne6 {[%clk 0:38:10]} 33. Nfe3 {[%clk 0:46:17]} Bxe3
{[%clk 0:30:24]} 34. Nxe3 {[%clk 0:46:02]} Rd4 {[%clk 0:30:22]} 35. Nc2
{[%clk 0:36:02]} Rd8 {[%clk 0:28:13]} 36. Ne3 {[%clk 0:36:05]} Rd4
{[%clk 0:28:37]} 37. Nc2 {[%clk 0:34:02]} Rd8 {[%clk 0:28:56]} 38. Ne3
{[%clk 0:34:22]} Rd4 {[%clk 0:29:07]} 39. Nc2 {[%clk 0:30:19]} Rd8
{[%clk 0:29:16]} 40. Ne3 {[%clk 1:00:43]} Rd4 {[%clk 0:59:43]} 41. Nc2
{[%clk 0:59:40]} Rd8 {[%clk 0:59:54]} 42. Ne3 {[%clk 1:00:02]} Rd4
{[%clk 1:00:20]} 1/2-1/2

[Event "Superfinal (women)"]
[Site "Moscow"]
[Date "2020.12.12"]
[Round "7.4"]
[White "Galliamova, Alisa"]
[Black "Kashlinskaya, Alina"]
[Result "0-1"]
[BlackElo "2494"]
[WhiteElo "2438"]
[LiveChessVersion "1.4.8"]

1. Nf3 {[%clk 1:30:57]} Nf6 {[%clk 1:30:47]} 2. c4 {[%clk 1:30:44]} g6
{[%clk 1:30:48]} 3. d4 {[%clk 1:30:59]} Bg7 {[%clk 1:31:09]} 4. e3
{[%clk 1:31:16]} O-O {[%clk 1:31:10]} 5. Be2 {[%clk 1:31:38]} d6 {[%clk 1:31:22]}
6. O-O {[%clk 1:31:57]} Nbd7 {[%clk 1:31:33]} 7. Nc3 {[%clk 1:31:56]} e5
{[%clk 1:31:53]} 8. b4 {[%clk 1:31:52]} e4 {[%clk 1:30:17]} 9. Nd2
{[%clk 1:32:02]} Re8 {[%clk 1:30:02]} 10. Bb2 {[%clk 1:31:01]} Nf8
{[%clk 1:28:38]} 11. a4 {[%clk 1:29:26]} h5 {[%clk 1:28:25]} 12. Qb3
{[%clk 1:27:51]} N8h7 {[%clk 1:26:33]} 13. Rfc1 {[%clk 1:27:06]} Bf5
{[%clk 1:23:15]} 14. a5 {[%clk 1:22:27]} a6 {[%clk 1:19:22]} 15. b5
{[%clk 1:13:26]} c6 {[%clk 1:18:29]} 16. bxc6 {[%clk 0:58:02]} bxc6
{[%clk 1:18:17]} 17. Qd1 {[%clk 0:56:12]} Ng5 {[%clk 1:09:07]} 18. Bf1
{[%clk 0:53:00]} Bg4 {[%clk 1:00:08]} 19. Qe1 {[%clk 0:52:29]} Qd7
{[%clk 0:53:52]} 20. Ba3 {[%clk 0:50:11]} Rad8 {[%clk 0:50:14]} 21. c5
{[%clk 0:45:18]} d5 {[%clk 0:48:27]} 22. Rcb1 {[%clk 0:44:38]} Qf5
{[%clk 0:39:38]} 23. Rb6 {[%clk 0:43:37]} Rc8 {[%clk 0:33:20]} 24. Rxa6
{[%clk 0:40:55]} Bh6 {[%clk 0:24:41]} 25. Qb1 {[%clk 0:23:57]} Ne6
{[%clk 0:14:56]} 26. Ra2 {[%clk 0:11:37]} Qg5 {[%clk 0:14:12]} 27. Rb6
{[%clk 0:11:05]} Bf5 {[%clk 0:12:23]} 28. Qe1 {[%clk 0:09:30]} Ng4
{[%clk 0:11:48]} 29. Nd1 {[%clk 0:06:53]} Qh4 {[%clk 0:07:37]} 30. h3
{[%clk 0:07:10]} Ng5 {[%clk 0:06:56]} 31. hxg4 {[%clk 0:06:37]} hxg4
{[%clk 0:07:08]} 32. g3 {[%clk 0:02:14]} Qh5 {[%clk 0:07:36]} 33. f4
{[%clk 0:01:51]} gxf3 {[%clk 0:05:21]} 34. Nf2 {[%clk 0:01:33]} Kg7
{[%clk 0:05:21]} 35. Ba6 {[%clk 0:01:05]} Rc7 {[%clk 0:04:33]} 36. Nf1
{[%clk 0:01:24]} Rh8 {[%clk 0:04:43]} 37. Bb7 {[%clk 0:01:18]} Bh3
{[%clk 0:00:59]} 38. a6 {[%clk 0:01:19]} Bg2 {[%clk 0:01:24]} 39. a7
{[%clk 0:01:01]} Qh1+ {[%clk 0:00:39]} 40. Nxh1 {[%clk 0:31:16]} Nh3+
{[%clk 0:31:07]} 41. Kh2 {[%clk 0:31:15]} Bxe3 {[%clk 0:31:11]} 0-1

[Event "Superfinal (women)"]
[Site "Moscow"]
[Date "2020.12.12"]
[Round "7.5"]
[White "Grigorieva, Yulia"]
[Black "Guseva, Marina"]
[Result "0-1"]
[BlackElo "2359"]
[WhiteElo "2290"]
[LiveChessVersion "1.4.8"]

1. e4 {[%clk 1:30:57]} c6 {[%clk 1:30:56]} 2. d4 {[%clk 1:31:18]} d5
{[%clk 1:31:21]} 3. e5 {[%clk 1:31:41]} Bf5 {[%clk 1:31:48]} 4. Bd3
{[%clk 1:32:04]} Bxd3 {[%clk 1:32:15]} 5. Qxd3 {[%clk 1:32:27]} e6
{[%clk 1:32:42]} 6. Ne2 {[%clk 1:32:44]} c5 {[%clk 1:32:53]} 7. c3
{[%clk 1:32:37]} Nc6 {[%clk 1:33:18]} 8. O-O {[%clk 1:31:57]} Nge7
{[%clk 1:33:44]} 9. Nd2 {[%clk 1:30:39]} Nf5 {[%clk 1:31:26]} 10. Nf3
{[%clk 1:29:51]} Be7 {[%clk 1:30:24]} 11. g4 {[%clk 1:28:57]} Nh4
{[%clk 1:16:28]} 12. Nxh4 {[%clk 1:28:28]} Bxh4 {[%clk 1:16:54]} 13. f4
{[%clk 1:28:11]} cxd4 {[%clk 1:09:14]} 14. cxd4 {[%clk 1:21:41]} Qb6
{[%clk 1:08:53]} 15. Be3 {[%clk 1:14:16]} Be7 {[%clk 0:46:28]} 16. f5
{[%clk 1:04:01]} g6 {[%clk 0:42:15]} 17. f6 {[%clk 0:46:06]} Bd8 {[%clk 0:37:38]}
18. g5 {[%clk 0:35:04]} Qa6 {[%clk 0:27:20]} 19. Qd1 {[%clk 0:27:14]} Rc8
{[%clk 0:20:08]} 20. Rf3 {[%clk 0:22:40]} Bb6 {[%clk 0:13:32]} 21. Rh3
{[%clk 0:19:39]} Nb4 {[%clk 0:12:20]} 22. Nc3 {[%clk 0:13:37]} Nd3
{[%clk 0:07:01]} 23. Qb3 {[%clk 0:12:11]} Qc4 {[%clk 0:03:19]} 24. Qxc4
{[%clk 0:08:05]} Rxc4 {[%clk 0:01:12]} 25. Nb5 {[%clk 0:08:30]} O-O
{[%clk 0:01:24]} 26. Rh6 {[%clk 0:00:58]} Nxe5 {[%clk 0:01:03]} 27. Nd6
{[%clk 0:00:47]} Rc2 {[%clk 0:00:53]} 28. dxe5 {[%clk 0:00:36]} Bxe3+
{[%clk 0:01:17]} 29. Kf1 {[%clk 0:00:45]} Bxg5 {[%clk 0:01:27]} 30. Rh3
{[%clk 0:01:11]} Bf4 {[%clk 0:01:11]} 31. Re1 {[%clk 0:01:37]} Rxb2
{[%clk 0:01:01]} 32. Ra3 {[%clk 0:01:36]} Rxh2 {[%clk 0:01:01]} 33. Kg1
{[%clk 0:01:18]} Rh5 {[%clk 0:01:24]} 34. Nxb7 {[%clk 0:01:11]} Bxe5
{[%clk 0:01:41]} 35. Kg2 {[%clk 0:01:12]} Bxf6 {[%clk 0:02:02]} 36. Rxa7
{[%clk 0:01:38]} Bd4 {[%clk 0:01:48]} 37. Ra6 {[%clk 0:00:46]} Rb8
{[%clk 0:02:08]} 38. Rb1 {[%clk 0:01:07]} Be5 {[%clk 0:02:23]} 39. a4
{[%clk 0:00:56]} Rh2+ {[%clk 0:02:49]} 40. Kf3 {[%clk 0:31:21]} Rc8
{[%clk 0:33:08]} 41. Rg1 {[%clk 0:30:10]} h5 {[%clk 0:33:00]} 0-1

[Event "Superfinal (women)"]
[Site "Moscow"]
[Date "2020.12.12"]
[Round "7.6"]
[White "Goryachkina, Aleksandra"]
[Black "Girya, Olga"]
[Result "1-0"]
[BlackElo "2464"]
[WhiteElo "2593"]
[LiveChessVersion "1.4.8"]

1. Nf3 {[%clk 1:30:49]} Nf6 {[%clk 1:30:38]} 2. c4 {[%clk 1:31:00]} e6
{[%clk 1:30:57]} 3. Nc3 {[%clk 1:31:06]} d5 {[%clk 1:31:19]} 4. d4
{[%clk 1:31:08]} dxc4 {[%clk 1:31:35]} 5. e3 {[%clk 1:27:20]} a6 {[%clk 1:31:44]}
6. a4 {[%clk 1:26:24]} c5 {[%clk 1:32:03]} 7. Bxc4 {[%clk 1:25:49]} Nc6
{[%clk 1:32:23]} 8. O-O {[%clk 1:23:57]} Be7 {[%clk 1:25:57]} 9. Qe2
{[%clk 1:16:37]} O-O {[%clk 1:21:52]} 10. Rd1 {[%clk 1:16:29]} Qc7
{[%clk 1:21:48]} 11. dxc5 {[%clk 1:08:47]} Bxc5 {[%clk 1:21:01]} 12. h3
{[%clk 1:08:41]} b6 {[%clk 1:04:59]} 13. e4 {[%clk 1:06:35]} Bb7 {[%clk 0:56:07]}
14. Be3 {[%clk 0:53:31]} Rfd8 {[%clk 0:46:59]} 15. Rxd8+ {[%clk 0:50:15]} Rxd8
{[%clk 0:47:21]} 16. Bxa6 {[%clk 0:45:54]} Bxa6 {[%clk 0:39:49]} 17. Qxa6
{[%clk 0:46:15]} Bxe3 {[%clk 0:40:15]} 18. fxe3 {[%clk 0:46:39]} Na5
{[%clk 0:27:25]} 19. Qb5 {[%clk 0:43:18]} h6 {[%clk 0:22:13]} 20. Ne5
{[%clk 0:38:08]} Rd2 {[%clk 0:17:43]} 21. Rf1 {[%clk 0:34:11]} Rc2
{[%clk 0:10:06]} 22. Rd1 {[%clk 0:27:51]} Nb7 {[%clk 0:10:11]} 23. Qb3
{[%clk 0:23:41]} Rxg2+ {[%clk 0:09:24]} 24. Kxg2 {[%clk 0:24:09]} Nc5
{[%clk 0:07:09]} 25. Qc2 {[%clk 0:18:04]} Qxe5 {[%clk 0:07:36]} 26. Qf2
{[%clk 0:17:47]} Nfxe4 {[%clk 0:05:08]} 27. Qf4 {[%clk 0:15:48]} Qxf4
{[%clk 0:05:13]} 28. exf4 {[%clk 0:16:16]} Nxc3 {[%clk 0:05:39]} 29. bxc3
{[%clk 0:16:41]} Nxa4 {[%clk 0:06:04]} 30. c4 {[%clk 0:12:15]} Nb2
{[%clk 0:05:20]} 31. Rd8+ {[%clk 0:11:23]} Kh7 {[%clk 0:05:49]} 32. Rc8
{[%clk 0:11:33]} g5 {[%clk 0:05:27]} 33. Kf3 {[%clk 0:11:09]} Kg6
{[%clk 0:05:43]} 34. Ke4 {[%clk 0:09:56]} gxf4 {[%clk 0:03:03]} 35. Kxf4
{[%clk 0:09:47]} Nd3+ {[%clk 0:02:23]} 36. Ke4 {[%clk 0:06:30]} Nf2+
{[%clk 0:02:04]} 37. Ke5 {[%clk 0:04:27]} Nd3+ {[%clk 0:01:57]} 38. Kd4
{[%clk 0:04:04]} Nb2 {[%clk 0:00:52]} 39. Kc3 {[%clk 0:03:04]} Na4+
{[%clk 0:00:55]} 40. Kb4 {[%clk 0:33:18]} Nb2 {[%clk 0:30:41]} 41. Rd8
{[%clk 0:31:06]} f5 {[%clk 0:22:56]} 42. Rd2 {[%clk 0:29:42]} Nxc4
{[%clk 0:23:14]} 43. Kxc4 {[%clk 0:30:10]} f4 {[%clk 0:21:12]} 44. Kd3
{[%clk 0:29:54]} Kf5 {[%clk 0:21:28]} 45. Rb2 {[%clk 0:30:07]} e5
{[%clk 0:21:42]} 46. Rxb6 {[%clk 0:29:37]} e4+ {[%clk 0:22:06]} 47. Kd4
{[%clk 0:29:22]} 1-0

[Event "Superfinal (women)"]
[Site "Moscow"]
[Date "2020.12.13"]
[Round "8.1"]
[White "Kosteniuk, Alexandra"]
[Black "Girya, Olga"]
[Result "1/2-1/2"]
[BlackElo "2464"]
[WhiteElo "2471"]
[LiveChessVersion "1.4.8"]

1. e4 {[%clk 1:30:57]} e5 {[%clk 1:30:54]} 2. Nf3 {[%clk 1:30:48]} Nc6
{[%clk 1:31:19]} 3. Bb5 {[%clk 1:30:53]} a6 {[%clk 1:31:43]} 4. Ba4
{[%clk 1:31:19]} Nf6 {[%clk 1:32:05]} 5. O-O {[%clk 1:31:38]} Nxe4
{[%clk 1:32:21]} 6. d4 {[%clk 1:31:54]} b5 {[%clk 1:32:13]} 7. Bb3
{[%clk 1:32:08]} d5 {[%clk 1:32:34]} 8. dxe5 {[%clk 1:32:18]} Be6
{[%clk 1:32:59]} 9. Be3 {[%clk 1:28:48]} Be7 {[%clk 1:32:57]} 10. a4
{[%clk 1:28:22]} b4 {[%clk 1:32:29]} 11. Nbd2 {[%clk 1:22:15]} O-O
{[%clk 1:26:03]} 12. Ba2 {[%clk 1:09:09]} Nxd2 {[%clk 1:11:16]} 13. Qxd2
{[%clk 1:08:29]} Na5 {[%clk 1:10:37]} 14. Rad1 {[%clk 0:57:54]} Qe8
{[%clk 0:39:46]} 15. Qe2 {[%clk 0:55:11]} Nc4 {[%clk 0:39:44]} 16. Bxc4
{[%clk 0:54:08]} dxc4 {[%clk 0:39:40]} 17. Nd4 {[%clk 0:54:10]} Bd7
{[%clk 0:38:44]} 18. Qxc4 {[%clk 0:41:23]} c5 {[%clk 0:39:08]} 19. e6
{[%clk 0:39:10]} cxd4 {[%clk 0:33:07]} 20. exd7 {[%clk 0:38:20]} Qxd7
{[%clk 0:33:36]} 21. b3 {[%clk 0:22:25]} Rfc8 {[%clk 0:33:36]} 22. Rxd4
{[%clk 0:22:44]} Qf5 {[%clk 0:16:35]} 23. Qd3 {[%clk 0:22:55]} Qxd3
{[%clk 0:14:49]} 24. cxd3 {[%clk 0:23:23]} Rc3 {[%clk 0:14:19]} 25. Rb1
{[%clk 0:23:48]} Bc5 {[%clk 0:07:58]} 26. Rc4 {[%clk 0:21:43]} Bxe3
{[%clk 0:08:20]} 27. Rxc3 {[%clk 0:21:49]} bxc3 {[%clk 0:07:21]} 28. fxe3
{[%clk 0:22:15]} Rb8 {[%clk 0:06:18]} 29. Kf2 {[%clk 0:22:27]} Kf8
{[%clk 0:05:08]} 30. Ke2 {[%clk 0:22:24]} c2 {[%clk 0:05:34]} 31. Rc1
{[%clk 0:22:50]} Rxb3 {[%clk 0:06:02]} 32. Rxc2 {[%clk 0:23:15]} Ra3
{[%clk 0:06:21]} 33. Rc4 {[%clk 0:23:33]} Ra2+ {[%clk 0:06:39]} 34. Kf3
{[%clk 0:23:58]} Ke7 {[%clk 0:06:26]} 35. h4 {[%clk 0:20:51]} h5 {[%clk 0:05:12]}
36. g3 {[%clk 0:12:54]} Kd6 {[%clk 0:04:05]} 37. e4 {[%clk 0:10:07]} g6
{[%clk 0:02:47]} 38. d4 {[%clk 0:05:31]} a5 {[%clk 0:02:00]} 39. Kf4
{[%clk 0:04:22]} Rf2+ {[%clk 0:01:27]} 40. Ke3 {[%clk 0:34:47]} Ra2
{[%clk 0:30:53]} 41. e5+ {[%clk 0:26:59]} Ke6 {[%clk 0:30:47]} 42. Rc6+
{[%clk 0:26:54]} Ke7 {[%clk 0:27:35]} 43. d5 {[%clk 0:25:48]} Rxa4
{[%clk 0:22:40]} 44. Rc7+ {[%clk 0:24:34]} Ke8 {[%clk 0:23:03]} 45. d6
{[%clk 0:24:53]} Ra1 {[%clk 0:20:45]} 46. Re7+ {[%clk 0:23:38]} Kf8
{[%clk 0:20:35]} 47. Ra7 {[%clk 0:23:53]} Ke8 {[%clk 0:18:29]} 48. Kf2
{[%clk 0:12:26]} Ra2+ {[%clk 0:18:15]} 49. Kf3 {[%clk 0:12:43]} Ra1
{[%clk 0:17:58]} 50. Kf4 {[%clk 0:11:11]} a4 {[%clk 0:17:35]} 51. Kg5
{[%clk 0:09:30]} a3 {[%clk 0:15:32]} 52. e6 {[%clk 0:07:22]} fxe6
{[%clk 0:15:55]} 53. Kxg6 {[%clk 0:07:40]} a2 {[%clk 0:15:29]} 54. Kxh5
{[%clk 0:08:06]} Rg1 {[%clk 0:05:24]} 55. Rxa2 {[%clk 0:08:31]} Rxg3
{[%clk 0:05:51]} 56. Ra7 {[%clk 0:08:57]} Rd3 {[%clk 0:01:41]} 57. Re7+
{[%clk 0:05:26]} Kf8 {[%clk 0:02:10]} 58. Rxe6 {[%clk 0:05:40]} Kg7
{[%clk 0:01:46]} 59. Re7+ {[%clk 0:02:36]} Kf8 {[%clk 0:02:01]} 60. Re6
{[%clk 0:02:38]} Kg7 {[%clk 0:02:30]} 61. Rg6+ {[%clk 0:02:38]} Kh7
{[%clk 0:02:45]} 62. Rh6+ {[%clk 0:02:12]} Kg7 {[%clk 0:03:13]} 63. Re6
{[%clk 0:02:39]} Rd5+ {[%clk 0:02:57]} 64. Kg4 {[%clk 0:03:03]} Kf7
{[%clk 0:03:22]} 65. Re7+ {[%clk 0:02:39]} Kf8 {[%clk 0:03:39]} 66. Rd7
{[%clk 0:02:42]} Ke8 {[%clk 0:04:05]} 67. Ra7 {[%clk 0:03:06]} Rxd6
{[%clk 0:04:29]} 68. Kg5 {[%clk 0:03:30]} Kf8 {[%clk 0:04:47]} 1/2-1/2

[Event "Superfinal (women)"]
[Site "Moscow"]
[Date "2020.12.13"]
[Round "8.2"]
[White "Guseva, Marina"]
[Black "Goryachkina, Aleksandra"]
[Result "1/2-1/2"]
[BlackElo "2593"]
[WhiteElo "2359"]
[LiveChessVersion "1.4.8"]

1. d4 {[%clk 1:30:57]} Nf6 {[%clk 1:30:41]} 2. c4 {[%clk 1:31:23]} e6
{[%clk 1:31:01]} 3. Nc3 {[%clk 1:31:48]} d5 {[%clk 1:30:07]} 4. cxd5
{[%clk 1:31:28]} exd5 {[%clk 1:29:59]} 5. Bg5 {[%clk 1:31:53]} c6
{[%clk 1:29:33]} 6. e3 {[%clk 1:32:18]} h6 {[%clk 1:27:42]} 7. Bh4
{[%clk 1:32:04]} Be7 {[%clk 1:27:55]} 8. Bd3 {[%clk 1:32:02]} Ne4
{[%clk 1:27:26]} 9. Bxe7 {[%clk 1:31:34]} Qxe7 {[%clk 1:27:53]} 10. Bxe4
{[%clk 1:28:39]} dxe4 {[%clk 1:28:16]} 11. Nge2 {[%clk 1:29:07]} O-O
{[%clk 1:27:06]} 12. Ng3 {[%clk 1:20:47]} f5 {[%clk 1:25:43]} 13. O-O
{[%clk 1:21:13]} Be6 {[%clk 1:16:41]} 14. f3 {[%clk 1:16:20]} exf3
{[%clk 1:11:52]} 15. Rxf3 {[%clk 1:09:12]} Na6 {[%clk 1:06:45]} 16. Qd2
{[%clk 0:52:04]} Rae8 {[%clk 1:00:18]} 17. Raf1 {[%clk 0:52:16]} Nc7
{[%clk 0:56:13]} 18. a3 {[%clk 0:50:11]} Bc4 {[%clk 0:49:24]} 19. R1f2
{[%clk 0:47:10]} Be6 {[%clk 0:46:17]} 20. h3 {[%clk 0:44:23]} Qg5
{[%clk 0:43:30]} 21. Kh2 {[%clk 0:38:34]} Rf7 {[%clk 0:40:52]} 22. Nge2
{[%clk 0:31:47]} Nd5 {[%clk 0:36:15]} 23. Rg3 {[%clk 0:31:24]} Qe7
{[%clk 0:34:32]} 24. Nxd5 {[%clk 0:31:35]} Bxd5 {[%clk 0:34:52]} 25. Nf4
{[%clk 0:31:58]} Qd6 {[%clk 0:32:29]} 26. Rg6 {[%clk 0:16:25]} Rf6
{[%clk 0:28:58]} 27. Rxf6 {[%clk 0:16:51]} Qxf6 {[%clk 0:29:22]} 28. Nxd5
{[%clk 0:12:06]} cxd5 {[%clk 0:29:38]} 29. Qd3 {[%clk 0:12:20]} Qd6+
{[%clk 0:24:42]} 30. Kg1 {[%clk 0:12:12]} g6 {[%clk 0:24:05]} 31. Qb3
{[%clk 0:10:40]} Re7 {[%clk 0:22:27]} 32. Rc2 {[%clk 0:10:30]} b6
{[%clk 0:19:58]} 33. Rc3 {[%clk 0:05:32]} Kg7 {[%clk 0:19:00]} 34. Qc2
{[%clk 0:05:39]} h5 {[%clk 0:19:00]} 35. Qf2 {[%clk 0:05:42]} Re4
{[%clk 0:18:23]} 36. g3 {[%clk 0:03:00]} Kh6 {[%clk 0:11:08]} 37. h4
{[%clk 0:03:16]} Rg4 {[%clk 0:07:01]} 38. Kg2 {[%clk 0:03:42]} Qe7
{[%clk 0:05:08]} 39. Kh2 {[%clk 0:01:57]} Qd6 {[%clk 0:04:28]} 40. Kg2
{[%clk 0:32:09]} Kg7 {[%clk 0:33:07]} 41. Kh3 {[%clk 0:27:17]} a5
{[%clk 0:29:55]} 42. Qf3 {[%clk 0:26:42]} Kh6 {[%clk 0:27:17]} 43. Rc1
{[%clk 0:22:29]} Qd7 {[%clk 0:23:58]} 44. Kg2 {[%clk 0:22:48]} Qd6
{[%clk 0:19:39]} 1/2-1/2